Регионална библиотека "Любен Каравелов" - Русе

Време е за сън (Запис номер 492260)

MARC детайли
000 -Лидер
Лидер 01282nam a2200277 a 4500
003 - Код на организацията, давaща контролен номер
Код на организацията, даваща контролен номер BLK
005 - Дата и час на последна редакция
Дата и час на последна редакция 20250729172614.0
008 - Елементи от данни с фиксирана дължина
Елементи с фиксирана дължина 190508b bu |||||r|||| 00| 0 bu d
020 ## - Международен стандартен номер на книга ISBN
ISBN 9786190211587
040 ## - Източник на каталожния запис
Код на библиотеката BLK
041 ## - Код за език
Език Български
Език за КДБФ Български
080 ## - УДК
УДК текст Издания за деца и юноши. Книжки-картинки. Читанки. Вж и 372.4
УДК код 087.5
УДК – код + определител 087.5
100 ## - Редна дума - Автор
Автор Као, Мари
R(LIN) 488043
245 ## - Сведения за заглавието
Заглавие Време е за сън
Авторска отговорност Мари Као ; ил. Youlie ; прев. Албена Шарбанова.
260 ## - Област на издателските данни
9 (RLIN) 209486
Място на издаване София
Име на издателя Колибри
Година на издаване 2023
Печатница София: Дедракс
300 ## - Физическа характеристика
Брой страници [24] с.
Илюстрации с цв. ил.
Размер 17 x 17 см
380 ## - Жанр
Жанр Детска отраслова лит.
490 ## - СЕРИИ (Колекции)
9 (RLIN) 488044
Серия Разказвам с жестове
500 ## - Общи забележки
Обща забележка Ориг. загл.: C'est l'heure du dodo<br/>Юли - псевд. на фр. ил.<br/>Биогр. данни за авт. отбелязани на гърба на кор.<br/>Кн. от поредицата Разказвам с жестове.
700 ## - Други автори (авторска отговорност)
Друг автор Шарбанова, Албена Василева
9 (RLIN) 468423
852 ## - Местоположение
Сигнатура (форматна) Цб І 42471
Отдел Хранилище
856 ## - Електронен адрес и достъп
Инструкция (цена за достъп) 0.00
Права за достъп disable
942 ## - АРТИКУЛИ
Вид на библиотечния документ Книги
Скрит в OPAC Не
Периодичен библиозапис Да
Koha issues (borrowed), all copies 21
944 ## - СЪЗДАВАНЕ И РЕДАКЦИЯ на ЗАПИСА
Създаване/Редакция Създаване
Служител, извършил регистрацията/редакцията 30551
Дата на регистрацията/редакция 2023-07-04
Номер на служител Бояна Костадинова
999 ## - СИСТЕМНИ КОНТРОЛНИ НОМЕРА
Koha biblionumber 492260
Koha biblioitemnumber 492260
Наличности
Код за отписване Код за изгубен артикул Източник на класификационната схема Код за повреда Коз за рестрикции Код за отдаване Артикулен № Име на библиотеката - собственик Име на библиотеката, в която се намира в момента Статус (Текущо местоположение) Дата на вписване в системата Местоположение - отдел Цена в лева Инвентарен номер Систематично азбучна сигнатура Баркод Цена в евро Служебен тип на артикула
  Не е изгубен Universal Decimal Classification Не е повреден само за читалня ползва се в читалня 929344 Регионална библиотека "Любен Каравелов" Русе Регионална библиотека "Любен Каравелов" Русе Хранилище 2023-07-11 Хранилище 12.00 120000889112 Цб І 42471 120000889112 6.14 Книги
  Не е изгубен Universal Decimal Classification Не е повреден   заемане за дома 936452 Регионална библиотека "Любен Каравелов" Русе Регионална библиотека "Любен Каравелов" Русе Детски отдел 2023-11-10 Детски отдел 7.80 120000895526 087.5/К 25 М 120000895526 3.99 Книги
  Не е изгубен Universal Decimal Classification Не е повреден   заемане за дома 936453 Регионална библиотека "Любен Каравелов" Русе Регионална библиотека "Любен Каравелов" Русе Детски отдел 2023-11-10 Детски отдел 7.80 120000895528 087.5/К 25 М 120000895528 3.99 Книги
  Не е изгубен Universal Decimal Classification Не е повреден   заемане за дома 936454 Регионална библиотека "Любен Каравелов" Русе Регионална библиотека "Любен Каравелов" Русе Детски отдел 2023-11-10 Детски отдел 7.80 120000895527 087.5/К 25 М 120000895527 3.99 Книги
Vip Innovations Ltd, Rousse, Bulgaria 2025